Los mestizos de América / (Record n. 18840)
[ formato base ]
| 000 -LEADER | |
|---|---|
| fixed length control field | 00982nam a2200265 i 4500 |
| 003 - CONTROL NUMBER IDENTIFIER | |
| control field | IT-RoINE |
| 005 - DATE AND TIME OF LATEST TRANSACTION | |
| control field | 20170724092629.0 |
| 008 - FIXED-LENGTH DATA ELEMENTS--GENERAL INFORMATION | |
| fixed length control field | 771007s1976 sp r 000 | spa d |
| 020 ## - INTERNATIONAL STANDARD BOOK NUMBER | |
| International Standard Book Number | 8423916103 |
| 040 ## - CATALOGING SOURCE | |
| Original cataloging agency | DLC |
| Transcribing agency | DLC IT-RoINE |
| Modifying agency | DLC |
| Description conventions | IT-RoINE |
| 100 1# - MAIN ENTRY--PERSONAL NAME | |
| Personal name | Pérez de Barradas, José, |
| Dates associated with a name | 1897-1981 |
| 9 (RLIN) | 37464 |
| 245 14 - TITLE STATEMENT | |
| Title | Los mestizos de América / |
| Statement of responsibility, etc | José Pérez de Barradas. |
| 260 ## - PUBLICATION, DISTRIBUTION, ETC. (IMPRINT) | |
| Place of publication, distribution, etc | Madrid : |
| Name of publisher, distributor, etc | Espasa-Calpe, |
| Date of publication, distribution, etc | 1976. |
| 300 ## - PHYSICAL DESCRIPTION | |
| Extent | 249 p. ; |
| Dimensions | 18 cm. |
| 336 ## - CONTENT TYPE | |
| Source | rdacontent |
| Content type term | text |
| 337 ## - MEDIA TYPE | |
| Source | rdamedia |
| Media type term | unmediated |
| 338 ## - CARRIER TYPE | |
| Source | rdacarrier |
| Carrier type term | volume |
| 490 1# - SERIES STATEMENT | |
| Series statement | Colección austral ; |
| Volume number/sequential designation | 1610 |
| 500 ## - GENERAL NOTE | |
| General note | "Esta obra obtuvo el Premio Duque de Lourat, otorgado por la Real academia de la historia (Madrid), en la convocatoria de 1951". |
| 504 ## - BIBLIOGRAPHY, ETC. NOTE | |
| Bibliography, etc | Bibliografía al final de cada capítulo. |
| 650 #4 - SUBJECT ADDED ENTRY--TOPICAL TERM | |
| Topical term or geographic name as entry element | Mestizaje |
| Geographic subdivision | América Latina |
| 9 (RLIN) | 37465 |
| 651 #4 - SUBJECT ADDED ENTRY--GEOGRAPHIC NAME | |
| Geographic name | América Latina |
| General subdivision | Relaciones raciales |
| 9 (RLIN) | 37466 |
| 830 #0 - SERIES ADDED ENTRY--UNIFORM TITLE | |
| 9 (RLIN) | 8968 |
| Uniform title | Colección austral ; |
| Volume number/sequential designation | 1610 |
| 942 ## - ADDED ENTRY ELEMENTS (KOHA) | |
| Item type | Monografías |
| Withdrawn status | Lost status | Damaged status | Not for loan | Home library | Current library | Date acquired | Total Checkouts | Full call number | Barcode | Date last seen | Price effective from | Koha item type |
|---|---|---|---|---|---|---|---|---|---|---|---|---|
| Iglesia Nacional Española en Roma | Iglesia Nacional Española en Roma | 24/07/2017 | COL.A 62.1610 | 42803 | 24/07/2017 | 24/07/2017 | Monografías |